Les villes les plus dangereuses de France - Statistiques

Statistiques générales
  • Ce quiz a été pris 1 843 fois
  • Le résultat moyen est 9 sur 20
Statistiques - réponses
Hint Réponse % Correct
5.8% Marseille
98%
7.8% Paris
98%
8.2% Lyon
87%
7.9´% Lille
85%
6.4% Nantes
75%
6.2% Toulouse
75%
7.9% Bordeaux
74%
8% Saint Denis
65%
5.6% Montpellier
58%
6.8% Grenoble
56%
6.2% Roubaix
37%
5.6% Rouen
35%
6.4% Aubervilliers
20%
5.6% Cannes
20%
5.5% Avignon
18%
6.2% La Courneuve
10%
5.5% Saint Ouen
7%
7% Orly
6%
5.7% Pantin
6%
6.2% Villeneuve La Garenne
4%
Aucun quiz correspondant
Distribution des résultats
% des personnes avec chaque résultat
Percentile par nombre de réponses
Votre historique - résultats
Vous n’avez pas pris ce quiz